| Tag |
First Indicator |
Second Indicator |
Subfields |
| LEADER |
00000cjm a2200000 a 4500 |
| 001 |
in00001406767 |
| 005 |
20151020072921.0 |
| 007 |
sd fungnn|||ee |
| 008 |
910926p19911961xx mun di lat d |
| 028 |
0 |
2 |
|a SMK 46302
|b Sony Classical
|
| 033 |
2 |
0 |
|a 1961----
|a 1969----
|b 4364
|c H7
|b 3804
|c N4
|
| 035 |
|
|
|a (OCoLC)24459553
|
| 035 |
|
|
|9 AHQ3723AM
|
| 040 |
|
|
|a UUP
|c UUP
|d VRU
|d CNO
|d CPL
|d TXA
|d UtOrBLW
|
| 041 |
0 |
|
|d lat
|d heb
|e lat
|e heb
|e eng
|e fre
|e ger
|h lat
|h heb
|g eng
|g fre
|g ger
|
| 045 |
1 |
|
|b d1917
|b d1942
|b d1959
|b d1962
|b d1964
|b d1966
|
| 047 |
|
|
|a sp
|a df
|a cn
|a sg
|a vr
|a rq
|
| 048 |
|
|
|a oa
|
| 048 |
|
|
|a wa01
|a wc01
|a ta01
|
| 048 |
|
|
|a sa02
|a sb01
|a sc01
|
| 048 |
|
|
|b ve01
|a ob
|
| 048 |
|
|
|b va01
|b vc01
|b vd01
|b vf01
|a ca
|a oa
|
| 049 |
|
|
|a TXAM
|
| 090 |
|
|
|a M3.1.S932
|b R63 1991
|
| 100 |
1 |
|
|a Stravinsky, Igor,
|d 1882-1971.
|
| 240 |
1 |
0 |
|a Works.
|k Selections
|
| 245 |
1 |
0 |
|a Robert Craft conducts, under the supervision of Igor Stravinsky, Chant du rossignol, Danses concertantes, Abraham and Isaac, Requiem canticles, etc.
|
| 264 |
|
1 |
|a [Place of publication not identified] :
|b Sony Classical,
|c [1991]
|
| 264 |
|
4 |
|c ℗1991
|
| 300 |
|
|
|a 1 sound disc :
|b digital ;
|c 4 3/4 in.
|
| 306 |
|
|
|a 001842
|a 001821
|a 000110
|a 000119
|a 001026
|a 000451
|a 001400
|
| 336 |
|
|
|a performed music
|b prm
|2 rdacontent
|
| 337 |
|
|
|a audio
|b s
|2 rdamedia
|
| 338 |
|
|
|a audio disc
|b sd
|2 rdacarrier
|
| 490 |
1 |
|
|a Igor Stravinsky edition ;
|v v. 12
|
| 500 |
|
|
|a Compact disc.
|
| 500 |
|
|
|a The 1st work is a symphonic poem; the 5th work a sacred song with chamber-orchestra acc.
|
| 546 |
|
|
|a Sung in Hebrew (5th work) and Latin (7th work).
|
| 500 |
|
|
|a Title from container.
|
| 511 |
0 |
|
|a Various soloists ; Columbia Symphony Orchestra (1st-2nd, 5th-7th works).
|
| 518 |
|
|
|a Recorded 1961-1969 in Hollywood, Calif. or New York City.
|
| 500 |
|
|
|a "Consists of previously released material"--Container.
|
| 500 |
|
|
|a Program notes by Robert Craft, Phillip Ramey, and Igor Stravinsky, in English, German, and French, and texts of vocal works in these languages plus Latin or Hebrew (23 pages : ports.) inserted.
|
| 505 |
0 |
|
|a Song of the nightingale (18:42) -- Danses concertantes (18:21) -- Epitaphium (Arthur Gleghorn, flute ; Kalman Bloch, clarinet ; Dorothy Remsen, harp) (1:10) -- Double canon (Israel Baker, Otis Igleman, violin ; Sanford Schonbach, viola ; George Neikrug, violoncello) (1:19) -- Abraham and Isaac (Richard Frisch, baritone) (10:26) -- Variations (4:51) -- Requiem canticles (Linda Anderson, soprano ; Elaine Bonazzi, alto ; Charles Bressler, tenor ; Donald Gramm, bass ; Ithaca College Concert Choir) (14:00).
|
| 500 |
|
|
|a Sound recording.
|
| 650 |
|
0 |
|a Symphonic poems.
|
| 650 |
|
0 |
|a Orchestral music.
|
| 650 |
|
0 |
|a Trios (Clarinet, flute, harp)
|
| 650 |
|
0 |
|a Canons, fugues, etc. (String quartet)
|
| 650 |
|
0 |
|a Sacred songs (Medium voice) with chamber orchestra.
|
| 650 |
|
0 |
|a Variations (Orchestra)
|
| 650 |
|
0 |
|a Requiems.
|
| 700 |
1 |
|
|a Craft, Robert,
|e conductor.
|
| 700 |
1 |
2 |
|a Stravinsky, Igor,
|d 1882-1971.
|t Chant du rossignol (Symphonic poem)
|
| 700 |
1 |
2 |
|a Stravinsky, Igor,
|d 1882-1971.
|t Danses concertantes.
|
| 700 |
1 |
2 |
|a Stravinsky, Igor,
|d 1882-1971.
|t Epitaphium.
|
| 700 |
1 |
2 |
|a Stravinsky, Igor,
|d 1882-1971.
|t Double canon,
|m violins (2), viola, cello.
|
| 700 |
1 |
2 |
|a Stravinsky, Igor,
|d 1882-1971.
|t Abraham and Isaac.
|
| 700 |
1 |
2 |
|a Stravinsky, Igor,
|d 1882-1971.
|t Variations,
|m orchestra.
|
| 700 |
1 |
2 |
|a Stravinsky, Igor,
|d 1882-1971.
|t Requiem canticles.
|
| 710 |
2 |
|
|a Columbia Symphony Orchestra,
|e performer.
|
| 800 |
1 |
|
|a Stravinsky, Igor,
|d 1882-1971.
|t Selections (Sony Classical) ;
|v v. 12.
|
| 948 |
|
|
|a c:jlg
|
| 999 |
|
|
|a MARS
|
| 999 |
f |
f |
|s 6ef998ff-f479-3eef-982a-35b4514372fb
|i 711c4037-e754-30b5-a4f9-7b595e3742fe
|t 0
|
| 952 |
f |
f |
|p ric
|a Texas A&M University
|b Rellis Campus
|c Joint Library Facility
|d Remote Storage
|t 0
|e M3.1.S932 R63 1991
|h Library of Congress classification
|i audio -- audio disc
|m A14823304682
|
| 998 |
f |
f |
|a M3.1.S932 R63 1991
|t 0
|l Remote Storage
|